|
|
|
|
| LEADER |
00000nam a2200000 4500 |
| 003 |
LK-CoNLD |
| 005 |
20251224093602.0 |
| 008 |
251103b |||||||| |||| 00| 0 ||| d |
| 015 |
|
|
|2 slnb
|a slnb202510
|
| 017 |
|
|
|b LK-CoDNA
|
| 020 |
|
|
|a 9786249498402
|
| 040 |
|
|
|a LK-CoNLD
|b SIN
|c LK-CoNLD
|d LK-CoNLD
|
| 082 |
|
|
|2 23
|q LK-CoNLD
|a 954.93
|
| 100 |
|
|
|a ගුණානන්ද හිමි, කෝට්ටේ
|9 91583
|
| 245 |
|
|
|a මහා ථූපය හෙවත් රුවන්වැලි මහා සෑය /
|c කෝට්ටේ ගුණානන්ද හිමි.
|6 880-1
|
| 260 |
|
|
|a [තැ.නො.] :
|b කර්තෘ,
|c 2023.
|
| 300 |
|
|
|a පි. xvii, 202 ;
|b මැබැ-බෝක : රු. 800.00
|c සෙමී. 21.
|
| 650 |
|
0 |
|a Sri Lanka-History
|9 5967
|
| 650 |
|
0 |
|a ශ්ර්ර්ර්රී ලංකාව-ඉතිහාසය
|9 47225
|
| 880 |
|
|
|6 245-1
|a mahatupaya hewath ruvanvali maha saya
|
| 942 |
|
|
|c BOOK
|
| 945 |
|
|
|a 21064
|b D.M.N MADUSHIKA
|c 19
|d Madurangani THAWALGODA GAMAGE
|
| 999 |
|
|
|c 293760
|d 293760
|